000
00287 a2200121 4500
001
76316
005
20260416140202.0
010
_a
972-747-166-8
090
_a
76316
100
_a
20260416 pory50
200
_a
Lírica (antologia)
_f
Luís de Camões
210
_c
RBA Editores
_d
1996
942
_c
MON